| 000 | 00665nam a22001937a 4500 | ||
|---|---|---|---|
| 005 | 20100807155145.0 | ||
| 010 | _aENG-98872 | ||
| 020 |
_a9788190957182 _c100.000 |
||
| 035 | _aEN-82404 | ||
| 037 | _bDBAD/PUB | ||
| 082 | _a954.0841 | ||
| 100 |
_a Prabha, G _98827 |
||
| 245 |
_aReminiscences of the preedom movement / _cby Prabha G |
||
| 260 |
_aChennai _bNarayana Publication _c2009 |
||
| 270 |
_a192, Bells Road Chepauk _bChennai _e5 |
||
| 300 |
_a101p _c19cm |
||
| 942 |
_2ddc _cEN _h954.0841 _mPRA |
||
| 999 |
_c40168 _d40168 |
||